Formule 1 - Victoires de Lando Norris - Statistiques

Statistiques générales
  • Ce quiz a été pris 90 fois
    38 depuis la dernière actualisation
  • Le résultat moyen est 9 sur 11
Statistiques - réponses
Victoires % Correct
Miami 2024
97%
Monaco 2025
93%
Australie 2025
90%
Abou Dabi 2024
86%
Silverstone 2025
86%
Pays-Bas 2024
83%
Brésil 2025
76%
Hongrie 2025
76%
Mexique 2025
76%
Singapour 2024
76%
Autriche 2025
69%
Aucun quiz correspondant
Distribution des résultats
% des personnes avec chaque résultat
Percentile par nombre de réponses
Votre historique - résultats
Vous n’avez pas pris ce quiz depuis la dernière actualisation